000 00812cam a2200277 4500
008 090401t1996 xxu||||| |||| 00| 0 eng d
020 _a085406785X
035 _a(Sirsi) u66499
041 _aeng
050 _a692.2
090 _aRICS 1996/82ABCD
110 _aRoyal Institution of Chartered Surveyors
_94900
245 _aParty wall legislation and procedure : a guidance note.
250 _a4th ed.
260 _aLondon
_bRICS
_c1996
300 _a40p. : ill. ; 30cm.
350 _a20
520 _aAccompanied by a computer disc which is NOT for loan. SUPERSEDED by 5th edition [ISBN 184219097].
650 _aGUIDANCE NOTES
650 _aNOTICES
650 _aPARTY WALL ETC ACT 1996
650 _aParty walls
_96258
690 _aBUILT ENVIRONMENT
942 _n0
948 _c04/03/1997
999 _c94881
_d94881